| 000 | 00878nam a22002417a 4500 | ||
|---|---|---|---|
| 999 |
_c16969 _d16969 |
||
| 003 | AR-CdUCM | ||
| 008 | 190329b ||||| |||| 00| 0 spa d | ||
| 020 | _a9972-625-19-2 | ||
| 040 |
_aMUNICIPALIDAD PROVINCIAL DEL CUSCO _cBIBLIOTECA MUNICIPAL DEL CUSCO |
||
| 082 |
_a909 / _bH59 / |
||
| 110 |
_aLexus. _928773 |
||
| 245 | _aHistoria universal / | ||
| 260 |
_aEspaña : _bLexus Editores. _c1999. |
||
| 300 |
_a1038 páginas ; _bFotografías, ilustraciones _c28cm |
||
| 505 | _aContenido: El origen del hombre y las culturas del paleolítico -- El neolítico y las edades del metal -- Egipto: Imperio nuevo -- El helenismo -- La guerra de los cien años ... | ||
| 650 |
_aUniverso _918615 |
||
| 650 |
_aNaturaleza _94241 |
||
| 650 |
_aLiteratura _9416 |
||
| 650 |
_aHistoria _9246 |
||
| 650 |
_aGeografía _9318 |
||
| 942 |
_2ddc _cLIBROS |
||
| 945 |
_arum _d2019-05-06 |
||